000 00658nam a2200205 u 4500
005 20210223130427.0
008 080414s2005 es r 000 0 spa d
020 _a8478449175
035 _aUPN01000155443
049 _aCG
050 4 _aPT8951.17 A1.7
_bM5.7
100 1 _aGaarder, Jostein,
_d1952-
_928204
245 1 3 _aEl misterio de Navidad /
_cJostein Gaarder ; tr. del noruego Kirsti Baggethun ; il. de Jesús Gabán.
260 _aMadrid :
_bSiruela,
_cc2005.
300 _a219 p. :
_bil.
440 4 _aLas tres edades.
_pBiblioteca Gaarder ;
_v7
534 _pTítulo original:
_tJulemysteriet
650 4 _aNOVELA NORUEGA
_910825
905 _aLibro
999 _c127558
_d127558